000 01775nam0a22002651 4500
001 rc\3595890
005 20250610045455.0
035 _a(NLR Aleph) 007704783
090 _a6786260
_c6786260
100 _a20130115d1973 |||y0rusy50 ca
101 0 _arus
102 _aRU
105 _aa z |||||
200 1 _aПроблема развития всех видов обслуживания населения Москвы на перспективу "Исследования в области общественного обслуживания производственных зон во взаимосвязи с прилегающими селитебными районами г. Москвы"
_eРекомендации
_fРуководитель темы А. Чувелев
_gМосгорисполком. Гл. архит.-планировочное упр. Москвы. Науч.-исслед. и проектный ин-т ген. плана Москвы (НИ и ПИ Генплана г. Москвы). Науч. отд. организация обслуживания населения
210 _aБ. м.
_cБ. и.
_d1973
215 _a128 с., 14 л. ил.
_d25
300 _aНа обл. загл.: Исследования в области...
333 _aДля служебного пользования. Экз. № 000001
512 0 _aИсследования в области общественного обслуживания производственных зон во взаимосвязи с прилегающими селитебными районами г. Москвы
702 1 _aЧувелев
_bА.
_4570
801 0 _aRU
_bNLR
_gpsbo
801 1 _aRU
_bELAR
_2rusmarc
852 _aNLR
_j73-50к/3819
942 _cBOOK
980 _aNB